000 00573nam a2200169 i 4500
001 61793
003 ES-MaACL
005 20230906164537.0
007 t|
008 031113s1964 sp ||||1| cat d
100 1 _aFarrerons Tarrago, José María.
_948901
245 1 0 _aSospirs i pincellades per Josep Mª Farrerons Tarragó /
_cJose María Farrerons Tarragó ; ilustraciones de Jordi Albors Soler.
260 _aBarcelona :
_bBayer Hnos,
_c1964.
300 _a241 p., 7 lám. ;
_c20 cm.
700 1 _aAlbors Soler, Jordi.
_919418
852 _aES-MaACL
_jC-26429
_bR.54975
999 _c61793
_d61793